000 00351nam a2200109Ia 4500
008 180412s9999||||xx |||||||||||||| ||und||
020 _a723401853
040 _aAhmadu Bello University Library - Zaria
100 _aZatouroff, M.
245 2 _aA colour atlas of physical signs in geral medicine
_cM. Zatouroff
260 _aLondon
_bWolfe Medical Publications
_c1976
300 _a464p.
999 _c11340
_d11340